| 000 | 00489nam a2200181Ia 4500 | ||
|---|---|---|---|
| 003 | OSt | ||
| 005 | 20200611122539.0 | ||
| 008 | 190216s9999||||xx |||||||||||||| ||und|| | ||
| 010 | _a81225 | ||
| 020 | _a8122500102 | ||
| 040 | _coclc | ||
| 082 |
_a001.42 _bSAR/R |
||
| 100 |
_aSaravanavel, P _9894 |
||
| 245 | 0 |
_aResearch Methodology / _cP Saranavel |
|
| 260 |
_bKitab Mahal, _c1999. _aNew Delhi: |
||
| 300 | _a486p | ||
| 942 |
_cBK _2ddc _h001.42 _iSAR/R _k001.42 _mSAR/R |
||
| 999 |
_c6994 _d6994 |
||